Trends in agricultural tenure in England and Wales (Record no. 108105)

MARC details
000 -LEADER
fixed length control field 01233cad a22002415a 4500
001 - CONTROL NUMBER
control field L143214
008 - FIXED-LENGTH DATA ELEMENTS--GENERAL INFORMATION
fixed length control field 080416e20080326xxk f s 000 0 eng d
035 ## - SYSTEM CONTROL NUMBER
System control number (Sirsi) u143214
041 0# - LANGUAGE CODE
Language code of text/sound track or separate title eng
050 04 - LIBRARY OF CONGRESS CALL NUMBER
Classification number 630.026 $2 18
100 1# - MAIN ENTRY--PERSONAL NAME
Personal name Winter, Michael
245 00 - TITLE STATEMENT
Title Trends in agricultural tenure in England and Wales
Remainder of title 1990-2007
Medium [electronic resource]
260 ## - PUBLICATION, DISTRIBUTION, ETC.
Place of publication, distribution, etc. London
Name of publisher, distributor, etc. RICS
Date of publication, distribution, etc. 2008
520 ## - SUMMARY, ETC.
Summary, etc. Presents the results of a comparison between two surveys of land tenure across England and Wales. The surveys were undertaken in 1990 and 2007. The purpose of the comparison was to determine the effects of the Agricultural Tenancies Act 1995. Finds that there has been no fundamental shift from owner occupation towards conventional tenancies. However the increase in owner-occupation which had been constant since 1918 appears to have halted.
521 2# - TARGET AUDIENCE NOTE
Target audience note Advanced
590 ## - LOCAL NOTE (RLIN)
Local note KA
650 24 - SUBJECT ADDED ENTRY--TOPICAL TERM
Topical term or geographic name entry element AGRICULTURAL TENANCIES ACT 1995
651 #4 - SUBJECT ADDED ENTRY--GEOGRAPHIC NAME
Geographic name England and Wales
Chronological subdivision 1543-
690 ## - LOCAL SUBJECT ADDED ENTRY--TOPICAL TERM (OCLC, RLIN)
Topical term or geographic name as entry element PROPERTY-LANDLORD AND TENANT-TENANCIES-AGRICULTURAL TENANCIES
700 1# - ADDED ENTRY--PERSONAL NAME
Personal name Butler, Allan
856 40 - ELECTRONIC LOCATION AND ACCESS
Uniform Resource Identifier <a href="https://www.rics.org/site/scripts/download_info.aspx?downloadID=3157">https://www.rics.org/site/scripts/download_info.aspx?downloadID=3157</a>
Public note View the item free of charge at www.rics.org...
942 ## - ADDED ENTRY ELEMENTS (KOHA)
Suppress in OPAC 0
Holdings
Withdrawn status Lost status Source of classification or shelving scheme Damaged status Not for loan Home library Current library Shelving location Date acquired Total Checkouts Full call number Barcode Date last seen Copy number Price effective from Koha item type
    Dewey Decimal Classification     Virtual Virtual Online 16/04/2008   ONLINE PUBLICATION 143214-1001 06/08/2019 1 06/08/2019 Book